Statistics for Aircraft types

Click here to take the quiz!

General Stats

  • This quiz has been taken 101 times
    (99 since last reset)
  • The average score is 18 of 32

Answer Stats

HintAnswer% Correct
AirbusA350
96%
AirbusA380
96%
AirbusA320
95%
AirbusA340
95%
AirbusA330
92%
BoeingB737
91%
BoeingB727
89%
BoeingB747
89%
BoeingB777
88%
BoeingB787
87%
BoeingB767
86%
AirbusA321
85%
BoeingB717
85%
BoeingB757
85%
AirbusA319
80%
AirbusA310
79%
AirbusA300
74%
AirbusA318
73%
AirbusA220
52%
MD 11
22%
MD 12
22%
MD 80
22%
MD 90
22%
Embraer 190
16%
Concorde
15%
Cessna 172
13%
Bombardier
9%
Fokker 100
5%
Fokker 70
5%
Fokker 80
5%
Saab 2000
5%
Saab 340
5%

Score Distribution

Percentile by Number Answered

Percent of People with Each Score

Your Score History

You have not taken this quiz since the last reset